000
00248nam a22001217a 4500
040
_c
SY
082
_a
630
100
_a
JONATHAN TURNER
245
_a
Applied farm management
260
_a
RAC
_b
JONATHAN TURNER
_c
1998
300
_a
348p.
942
_c
EK
999
_c
8795
_d
8795